000 00291nam a22001337a 4500
008 170214b xxu||||| |||| 00| 0 eng d
020 _a9788184732207
041 _aeng
080 _211TH
_a61
100 _a4
101 _aSHM
245 _aMEDICAL EMBRYOLOGY
_cSADLER, T.W
942 _2udc
_cBK
999 _c5379
_d5379